| Tag |
First Indicator |
Second Indicator |
Subfields |
| LEADER |
00000cam a2200000 a 4500 |
| 001 |
in00001537513 |
| 005 |
20151022052018.0 |
| 008 |
980917s1999 waua 001 0 eng |
| 010 |
|
|
|a 98031460
|
| 020 |
|
|
|a 1572319542
|
| 035 |
|
|
|a (OCoLC)40105110
|
| 040 |
|
|
|a DLC
|c DLC
|d UtOrBLW
|
| 049 |
|
|
|a TXAM
|
| 050 |
0 |
0 |
|a T385
|b .S2353 1999
|
| 082 |
0 |
0 |
|a 006.6/869
|2 21
|
| 100 |
1 |
|
|a Sagman, Stephen W.
|
| 245 |
1 |
0 |
|a Microsoft PhotoDraw 2000 at a glance /
|c Stephen W. Sagman.
|
| 246 |
3 |
0 |
|a PhotoDraw 2000
|
| 246 |
3 |
0 |
|a Microsoft PhotoDraw two thousand at a glance
|
| 264 |
|
1 |
|a Redmond, Wa :
|b Microsoft Press,
|c [1999]
|
| 264 |
|
4 |
|c ©1999
|
| 300 |
|
|
|a ix, 223 pages :
|b illustrations ;
|c 19 x 24 cm.
|
| 336 |
|
|
|a text
|b txt
|2 rdacontent
|
| 337 |
|
|
|a unmediated
|b n
|2 rdamedia
|
| 338 |
|
|
|a volume
|b nc
|2 rdacarrier
|
| 500 |
|
|
|a Includes index.
|
| 650 |
|
0 |
|a Computer graphics.
|
| 630 |
0 |
0 |
|a Microsoft PhotoDraw.
|
| 945 |
|
|
|i promptcat
|
| 949 |
|
|
|l A14825505145
|
| 994 |
|
|
|a 92
|b TXA
|
| 948 |
|
|
|a cataloged
|b h
|c 2000/4/26
|d c
|e jlanham
|f 11:04:07 am
|
| 999 |
|
|
|a MARS
|
| 999 |
f |
f |
|s e2ce2fc3-2b32-34ea-bd37-545eeeacba08
|i d24a7a7e-5cc3-367f-be06-b3e27ea0c31c
|t 0
|
| 952 |
f |
f |
|p ric
|a Texas A&M University
|b Rellis Campus
|c Joint Library Facility
|d Remote Storage
|t 0
|e T385 .S2353 1999
|h Library of Congress classification
|i unmediated -- volume
|m A14825505145
|
| 998 |
f |
f |
|a T385 .S2353 1999
|t 0
|l Remote Storage
|